La Guerra de la Independencia en el Estado de Lara (Record no. 83421)

MARC details
000 -LEADER
campo de control de longitud fija 00508nam a2200157 i 4500
001 - NÚMERO DE CONTROL
campo de control 83421
003 - IDENTIFICADOR DE NÚMERO DE CONTROL
campo de control ES-MaACL
005 - FECHA Y HORA DE LA ÚLTIMA TRANSACCIÓN
campo de control 20230906174826.0
007 - CAMPO FIJO DE DESCRIPCIÓN FÍSICA--INFORMACIÓN GENERAL
campo de control de longitud fija t|
008 - DATOS DE LONGITUD FIJA--INFORMACIÓN GENERAL
campo de control de longitud fija 041116s1951 ve ||||1| spa d
100 1# - ENTRADA PRINCIPAL--NOMBRE DE PERSONA
Nombre de persona Iribarren-Celis, Lino.
9 (RLIN) 65457
245 13 - MENCIÓN DEL TÍTULO
Título La Guerra de la Independencia en el Estado de Lara
Resto del título : ensayo de interpretación histórica /
Mención de responsabilidad, etc. Lino Iribarren-Celis.
260 ## - PUBLICACIÓN, DISTRIBUCIÓN, ETC.
Lugar de publicación, distribución, etc. Venezuela :
Nombre del editor, distribuidor, etc. [s.n.,
Fecha de publicación, distribución, etc. 1951] (
Fabricante Imp. Avila)
300 ## - DESCRIPCIÓN FÍSICA
Extensión 285 p. ;
Dimensiones 23 cm.
852 ## - LOCALIZACIÓN
Ubicación ES-MaACL
Número de control de estantería D-9028
Sublocalización o colección R.34218
Holdings
Estatus retirado Estado de pérdida Estado de daño No para préstamo Biblioteca de origen Biblioteca actual Ubicación en estantería Fecha de adquisición Fuente de adquisición Total de préstamos Signatura topográfica completa Código de barras Visto por última vez Precio de reemplazo Tipo de ítem Koha
        Biblioteca del Ateneo de Madrid Biblioteca del Ateneo de Madrid Sala Valle Inclán 17/01/2008     D-9028 901087186 23/02/2023 23/02/2023 Libro impreso